PRACTICAL PHARMACEUTICAL CHEMISTRY VOL 2 (Record no. 265441)

MARC details
000 -LEADER
fixed length control field 00370pam a2200145a 44500
008 - FIXED-LENGTH DATA ELEMENTS--GENERAL INFORMATION
fixed length control field 230405s xxu||||| |||| 00| 0 eng d
041 ## - LANGUAGE CODE
Language code of text/sound track or separate title ENG
100 ## - MAIN ENTRY--PERSONAL NAME
Personal name BECKETT A H /STENLAKE
245 ## - TITLE STATEMENT
Title PRACTICAL PHARMACEUTICAL CHEMISTRY VOL 2
250 ## - EDITION STATEMENT
Edition statement 3 0
260 ## - PUBLICATION, DISTRIBUTION, ETC.
Place of publication, distribution, etc. NEW DELHI
Name of publisher, distributor, etc. CBS PUBLISHERS DELHI
Date of publication, distribution, etc.
300 ## - PHYSICAL DESCRIPTION
Extent 552
650 ## - SUBJECT ADDED ENTRY--TOPICAL TERM
Topical term or geographic name entry element PHARMACEUTICAL CHEMISTRY
906 ## - LOCAL DATA ELEMENT F, LDF (RLIN)
a 2
Holdings
Withdrawn status Lost status Damaged status Not for loan Collection Home library Current library Date acquired Source of acquisition Cost, normal purchase price Total Checkouts Full call number Barcode Date last seen Price effective from Koha item type Date last checked out
          College of Pharmacy, Kolhapur College of Pharmacy, Kolhapur 14/04/2023 S K KOTHARI 128.00   615 .190 28 PCK-213 14/04/2023 14/04/2023 Book  
          College of Pharmacy, Kolhapur College of Pharmacy, Kolhapur 14/04/2023 S K KOTHARI 128.00   615 .190 28 PCK-212 14/04/2023 14/04/2023 Book  
          College of Pharmacy, Kolhapur College of Pharmacy, Kolhapur 11/11/1997 S K KOTHARI 128.00   615 .190 28 PCK-58 14/04/2023 14/04/2023 Book  
          College of Pharmacy, Kolhapur College of Pharmacy, Kolhapur 11/11/1997 S K KOTHARI 128.00   615 .190 28 PCK-57 14/04/2023 14/04/2023 Book  
          College of Pharmacy, Kolhapur College of Pharmacy, Kolhapur 10/11/1996 S K KOTHARI 128.00 1 615 .190 28 PCK-10 31/12/2025 14/04/2023 Book 20/12/2024
          College of Pharmacy, Kolhapur College of Pharmacy, Kolhapur 10/11/1996 S K KOTHARI 128.00   615 .190 28 PCK-8 14/04/2023 14/04/2023 Book  
          College of Pharmacy, Kolhapur College of Pharmacy, Kolhapur 10/11/1996 S K KOTHARI 128.00   615 .190 28 PCK-7 24/02/2026 14/04/2023 Book  
          College of Pharmacy, Kolhapur College of Pharmacy, Kolhapur 10/11/1996 S K KOTHARI 128.00   615 .190 28 PCK-6 10/06/2024 14/04/2023 Book